000 00812cai a22001815a 4500
001 E144776
008 080811u xxk g 000 0 eng d
035 _a(Sirsi) u144776
041 0 _aeng
110 2 _aScottish Civic Trust
_92679
245 0 0 _aScottish Civic Trust
_h[electronic resource]
520 _aWebsite of the Scottish Civic Trust, which aims to protect and promote understanding of the built environment. Includes current and archived publications, a history of the Trust, and case studies of success stories.
590 _aKA
651 4 _aScotland
_y1999-
690 _aBUILT ENVIRONMENT-BUILDING TYPES-ANCIENT MONUMENTS AND HISTORIC BUILDINGS
856 4 0 _uhttps://www.scottishcivictrust.org.uk/sct/Default.aspx
_zView the website free of charge at www.scottishcivictrust.org.uk...
942 _n0
999 _c120693
_d120693